000
00242nam a22000857a 4500
008
160706b xxu||||| |||| 00| 0 eng d
100
_9
2391
_a
Burns D D
245
_a
Feeling Good
_b
The New Mood Therapy
260
_a
New York
_b
New American Library
_c
1980
999
_c
2069
_d
2069